Sastrecillo valiente / (Registro nro. 14951)

Detalles MARC
000 -LIDER
fixed length control field 00930cam a2200325 i 4500
001 - NÚMERO DE CONTROL
Identificador de número de control 0000449
003 - IDENTIFICACDOR DE NÚMERO DE CONTROL
control field DO-SdBPM
005 - DATE AND TIME OF LATEST TRANSACTION
control field 20250224122606.0
007 - CAMPOS FIJOS DE DESCRIPCIÓN FÍSICA
fixed length control field 0000449
008 - ELEMENTOS DE LONGITUD FIJA
fixed length control field 100514s2010 p | 000 f spa
015 ## - NÚMERO DENTRO DE LA BIBLIOGRAFÍA NACIONAL
National bibliography number
017 ## - NÚMERO DE REGISTRO DE DERECHOS DE AUTOR
Copyright or legal deposit number
Assigning agency
020 ## - ISBN
International Standard Book Number 9786124063220
035 ## - NÚMERO LOCAL
System control number
040 ## - FUENTE DE CATALOGACIÓN
Agencia que crea de manera original el registro DO-SdBPM
Idioma de catalogación spa
Agencia que realiza la transcripción BPMSU
Convenciones de la despripción
080 ## - NÚMERO DE CLASIFICACIÓN DECIMAL UNIVERSAL
Universal Decimal Classification number
082 #4 - NÚMERO DE CLASIFICACIÓN DECIMAL DE DEWEY
Classification number 833.7
Item number G864sa 2010
Edition number 22
100 1# - ASIENTO PRINCIPAL -- NOMBRE PERSONAL
Fechas asociadas con el nombre 1765-1863
Nombre personal Grimm, Jacob Ludwig Karl,
245 10 - MENCIÓN DE TITULO
Título Sastrecillo valiente /
Mención de responsabilidad Jacob y Wilhelm Grimm
260 ## - PUBLICACIÓN, DISTRIBUCIÓN, ETC. (PIE DE IMPRENTA)
Lugar de publicación, distribución, etc Lima, Perú :
Nombre del editor, distribuidor, etc. Educativa,
Fecha de publicación, distribución, etc 2010
Fecha de impresión
300 ## - DESCRIPCIÓN FÍSICA
Extensión 09 p. :
Otros detalles físicos il.;
Dimensiones 29 cm
490 0# - MENCIÓN DE SERIES
Mención de serie Mi cuento favorito,
Volume/sequential designation 2
590 ## - NOTA LOCAL
Texto de la nota local Inventariado, 2025/VM
650 #4 - ENCABEZAMIENTO DE MATERIA--TEMÁTICO
Término temático o nombre geográfico como elemento de entrada Cuentos infantiles alemanes
650 #4 - ENCABEZAMIENTO DE MATERIA--TEMÁTICO
Término temático o nombre geográfico como elemento de entrada Valentía
Subdivisión de forma Cuentos infantiles
700 1# - ASIENTO SECUNDARIO -- NOMBRE PERSONAL
Nombre personal Grimm, Jacob Ludwig Karl,
Fechas asociadas con el nombre 1785-1863.
Título de una obra El Sastrecillo valiente
710 2# - ASIENTO SECUNDARIO -- NOMBRE CORPORATIVO
Nombre corporativo o de jurisdicción Lexus
910 ## - VALIDACIÓN
Validación VMateo V. Control de caldiad. BPMSU
942 ## - ADDED ENTRY ELEMENTS (KOHA)
Source of classification or shelving scheme Dewey Decimal Classification
Koha item type Libros
Existencias
Withdrawn status Lost status Source of classification or shelving scheme Damaged status Not for loan Collection code Home library Current library Date acquired Total Checkouts Full call number Barcode Date last seen Price effective from Koha item type
    Dewey Decimal Classification     Colección Infantil General Biblioteca Pública Metropolitana Salomé Ureña Biblioteca Pública Metropolitana Salomé Ureña 02/24/2025   BPMSU CGI 833.7 G864sa 2010 BPMSU25020046 02/24/2025 02/24/2025 Libros